[Event "18. Obert Int. Sant Marti 2016 - B"]
[Site "Barcelona ESP"]
[Date "2016.07.15"]
[Round "3.37"]
[White "Mas Sayos, Lluis"]
[Black "Corominas Garrido, Antonio"]
[Result "0-1"]
[WhiteElo "1643"]
[BlackElo "1824"]
[PlyCount "138"]
[EventDate "2016.07.13"]
[EventType "swiss"]
[EventRounds "9"]
[EventCountry "ESP"]
[SourceTitle "Ajedrez en Madrid"]
[Source "lmi"]
[SourceDate "2016.07.13"]
[SourceVersion "1"]
[SourceVersionDate "2019.06.21"]
[SourceQuality "1"]

1. e4 c6 2. d4 d5 3. Nc3 dxe4 4. Nxe4 Bf5 5. Ng3 Bg6 6. h4 h6 7. h5 Bh7 8. Nf3
e6 9. Bd3 Bxd3 10. Qxd3 Nf6 11. Bf4 Nbd7 12. O-O-O Be7 13. c4 O-O 14. Kb1 Nb6
15. Ne5 c5 16. Qf3 Qc8 17. Ne2 Bd6 18. Bxh6 cxd4 19. Qg3 Ne8 20. Bf4 Bxe5 21.
Bxe5 f6 22. Bxd4 Qxc4 23. Rhe1 e5 24. Bc3 Nd5 25. h6 g5 26. Qh3 Rd8 27. Qe6+
Kh8 28. Qf5 Nxc3+ 29. Nxc3 Rxd1+ 30. Nxd1 Qh4 31. Rxe5 Qxh6 32. Re7 Ng7 33. Qd7
Qg6+ 34. Kc1 Nf5 35. Re1 Rf7 36. Rh1+ Kg7 37. Qc8 Nh6 38. Ne3 f5 39. g4 Qc6+
40. Qxc6 bxc6 41. gxf5 Nxf5 42. Ng4 Nh4 43. Rd1 Rf4 44. Ne5 Kf6 45. Nxc6 Rc4+
46. Kd2 Rxc6 47. Ke2 Rc2+ 48. Ke3 Nf5+ 49. Kf3 Rxb2 50. Ra1 Nd4+ 51. Ke4 Nc2
52. Rg1 Rxa2 53. Kd5 Kf5 54. Kc4 a5 55. Rd1 Nb4 56. Rd8 Kg4 57. Rf8 Ra3 58. Kb5
Nd5 59. Kc4 Nf4 60. Rg8 Rf3 61. Ra8 Rxf2 62. Rxa5 Nh3 63. Kd3 Kg3 64. Ke3 g4
65. Ra4 Rg2 66. Ra8 Kh2 67. Rg8 g3 68. Rg7 Rf2 69. Rh7 Rf8 0-1

[Event "18. Obert Int. Sant Marti 2016 - B"]
[Site "Barcelona ESP"]
[Date "2016.07.15"]
[Round "3.38"]
[White "Domenche Redondo, Francesc"]
[Black "Gonzalez Moreno, Antoni"]
[Result "1/2-1/2"]
[WhiteElo "1622"]
[BlackElo "1822"]
[PlyCount "49"]
[EventDate "2016.07.13"]
[EventType "swiss"]
[EventRounds "9"]
[EventCountry "ESP"]
[SourceTitle "Ajedrez en Madrid"]
[Source "lmi"]
[SourceDate "2016.07.13"]
[SourceVersion "1"]
[SourceVersionDate "2019.06.21"]
[SourceQuality "1"]

1. d4 d5 2. c4 e6 3. Nc3 Nf6 4. cxd5 exd5 5. Bg5 c6 6. Qc2 Be7 7. e3 Nbd7 8.
Bd3 h6 9. Bh4 O-O 10. Nge2 Re8 11. O-O Nh5 12. Bxe7 Qxe7 13. Rac1 Nf8 14. Bf5
Qg5 15. Bxc8 Raxc8 16. Ng3 Ne6 17. Nxh5 Qxh5 18. Qd1 Qf5 19. Qc2 Qf6 20. Qd3
Ng5 21. Rc2 Ne4 22. Rfc1 Nxc3 23. Rxc3 Qe7 24. Rc5 Qd6 25. a3 1/2-1/2

[Event "18. Obert Int. Sant Marti 2016 - B"]
[Site "Barcelona ESP"]
[Date "2016.07.15"]
[Round "3.39"]
[White "Franzoni Ladron, Enric"]
[Black "Grindbakken, Erik"]
[Result "0-1"]
[WhiteElo "1811"]
[BlackElo "1610"]
[PlyCount "86"]
[EventDate "2016.07.13"]
[EventType "swiss"]
[EventRounds "9"]
[EventCountry "ESP"]
[SourceTitle "Ajedrez en Madrid"]
[Source "lmi"]
[SourceDate "2016.07.13"]
[SourceVersion "1"]
[SourceVersionDate "2019.06.21"]
[SourceQuality "1"]

1. e4 c6 2. d4 d5 3. Nc3 h6 4. Be2 dxe4 5. Nxe4 Bf5 6. Ng3 Bh7 7. Nf3 e6 8. a4
Bd6 9. O-O Nd7 10. Bd3 Bxd3 11. Qxd3 Ngf6 12. c4 O-O 13. Bd2 c5 14. Rfe1 cxd4
15. b4 b6 16. Nxd4 a6 17. Nxe6 fxe6 18. Qxd6 e5 19. Rad1 Qc8 20. Qe6+ Kh8 21.
Be3 Re8 22. Qf7 Rf8 23. Qg6 Qxc4 24. Bxh6 gxh6 25. Qxh6+ Kg8 26. Rxd7 Nxd7 27.
Qg6+ Kh8 28. Re4 Qc1+ 29. Nf1 Rf4 30. Qh6+ Kg8 31. Re3 Qc4 32. Rh3 Kf7 33. Rg3
Ke7 34. Rg7+ Rf7 35. Qg5+ Ke8 36. Rg8+ Rf8 37. Rg6 Rc8 38. g3 Qf7 39. f4 exf4
40. gxf4 Qf5 41. Qh6 Qxf4 42. Re6+ Kd8 43. Qh3 Rc1 0-1

[Event "18. Obert Int. Sant Marti 2016 - B"]
[Site "Barcelona ESP"]
[Date "2016.07.15"]
[Round "3.40"]
[White "Santolaria Sanz, Xavier"]
[Black "Quero Ortega, Juan"]
[Result "0-1"]
[WhiteElo "1607"]
[BlackElo "1805"]
[PlyCount "32"]
[EventDate "2016.07.13"]
[EventType "swiss"]
[EventRounds "9"]
[EventCountry "ESP"]
[SourceTitle "Ajedrez en Madrid"]
[Source "lmi"]
[SourceDate "2016.07.13"]
[SourceVersion "1"]
[SourceVersionDate "2019.06.21"]
[SourceQuality "1"]

1. e4 d6 2. d4 Nf6 3. Nc3 g6 4. f3 Bg7 5. Be3 O-O 6. Qd2 Nc6 7. d5 Ne5 8. Bh6
c6 9. Bxg7 Kxg7 10. g4 Qb6 11. g5 Nh5 12. Na4 Qxg1 13. O-O-O Qxh1 14. Qg2 Qxg2
15. Bxg2 Nf4 16. Bh1 Bh3 0-1

[Event "18. Obert Int. Sant Marti 2016 - B"]
[Site "Barcelona ESP"]
[Date "2016.07.15"]
[Round "3.41"]
[White "Molina Manas, Miquel"]
[Black "Roche Peris, Eduard"]
[Result "0-1"]
[WhiteElo "1606"]
[BlackElo "1798"]
[PlyCount "136"]
[EventDate "2016.07.13"]
[EventType "swiss"]
[EventRounds "9"]
[EventCountry "ESP"]
[SourceTitle "Ajedrez en Madrid"]
[Source "lmi"]
[SourceDate "2016.07.13"]
[SourceVersion "1"]
[SourceVersionDate "2019.06.21"]
[SourceQuality "1"]

1. e4 c5 2. Nc3 Nc6 3. f4 d6 4. Nf3 g6 5. Bc4 Bg7 6. O-O e6 7. d3 Nge7 8. Qe1
Na5 9. Bb5+ Bd7 10. Bxd7+ Qxd7 11. Ne2 Nac6 12. Rb1 Nb4 13. a3 Nxc2 14. Qd1 Nd4
15. Nfxd4 cxd4 16. b4 d5 17. e5 Nf5 18. Rf3 f6 19. g4 Ne3 20. Bxe3 dxe3 21.
Rxe3 fxe5 22. fxe5 O-O 23. d4 Rac8 24. Kg2 Qf7 25. Qf1 Qe7 26. Qe1 Bh6 27. Rf3
Rxf3 28. Kxf3 Rf8+ 29. Kg2 Be3 30. Rb3 Qg5 31. h3 h5 32. Qg3 Rf2+ 33. Qxf2 Bxf2
34. Kxf2 hxg4 35. hxg4 Qxg4 36. Rg3 Qe4 37. Re3 Qc2 38. Rc3 Qb2 39. Rg3 Kg7 40.
Rc3 g5 41. Rf3 b6 42. Rc3 Kg6 43. Rf3 a5 44. bxa5 bxa5 45. Rc3 g4 46. Rg3 Kf5
47. Rc3 a4 48. Re3 Kg5 49. Rg3 Kh4 50. Re3 Qc2 51. Rc3 Qd2 52. Re3 g3+ 53. Rxg3
Qxe2+ 54. Kxe2 Kxg3 55. Ke3 Kg4 56. Kd3 Kf3 57. Kd2 Ke4 58. Kc3 Ke3 59. Kb4
Kxd4 60. Kxa4 Kc4 61. Ka5 d4 62. Kb6 d3 63. Kc6 d2 64. Kd6 d1=Q+ 65. Kxe6 Qd8
66. Kf7 Qd7+ 67. Kf6 Qe8 68. e6 Kd5 0-1

[Event "18. Obert Int. Sant Marti 2016 - B"]
[Site "Barcelona ESP"]
[Date "2016.07.15"]
[Round "3.42"]
[White "Alquezar Calpena, Marc"]
[Black "Ji, Pablo"]
[Result "1/2-1/2"]
[WhiteElo "1792"]
[BlackElo "1606"]
[PlyCount "80"]
[EventDate "2016.07.13"]
[EventType "swiss"]
[EventRounds "9"]
[EventCountry "ESP"]
[SourceTitle "Ajedrez en Madrid"]
[Source "lmi"]
[SourceDate "2016.07.13"]
[SourceVersion "1"]
[SourceVersionDate "2019.06.21"]
[SourceQuality "1"]

1. e4 c5 2. Nf3 d6 3. d4 cxd4 4. Nxd4 Nf6 5. Nc3 a6 6. Bg5 Nbd7 7. Bc4 g6 8.
Qd2 Bg7 9. O-O-O Ne5 10. Bb3 O-O 11. f4 Nc6 12. Nxc6 bxc6 13. e5 Bg4 14. Rde1
dxe5 15. Qxd8 Rfxd8 16. fxe5 Nd7 17. h3 Be6 18. Bxe6 fxe6 19. Bxe7 Re8 20. Bd6
a5 21. a4 Ra7 22. Rhf1 Rb7 23. Ne4 Bh6+ 24. Kb1 Bf8 25. Bxf8 Rxf8 26. Nf6+ Kg7
27. Ne4 Rxf1 28. Rxf1 Nxe5 29. Nc5 Re7 30. Re1 Kf6 31. Nb3 Ra7 32. Nd4 Rb7 33.
g4 g5 34. b3 Rd7 35. Ne2 Ke7 36. Nc3 Ng6 37. Ne4 Rd5 38. Rf1 Re5 39. Nd2 h6 40.
Nc4 Rd5 1/2-1/2

[Event "18. Obert Int. Sant Marti 2016 - B"]
[Site "Barcelona ESP"]
[Date "2016.07.15"]
[Round "3.43"]
[White "Rodriguez Beltran, Fernando"]
[Black "Salazar Navas, Josep"]
[Result "1-0"]
[WhiteElo "1602"]
[BlackElo "1790"]
[PlyCount "105"]
[EventDate "2016.07.13"]
[EventType "swiss"]
[EventRounds "9"]
[EventCountry "ESP"]
[SourceTitle "Ajedrez en Madrid"]
[Source "lmi"]
[SourceDate "2016.07.13"]
[SourceVersion "1"]
[SourceVersionDate "2019.06.21"]
[SourceQuality "1"]

1. d4 Nf6 2. c4 c5 3. d5 b5 4. Qc2 Qa5+ 5. Nd2 bxc4 6. e4 d6 7. Bxc4 g6 8. Ngf3
Nbd7 9. O-O Bg7 10. h3 O-O 11. Re1 Bb7 12. Nb3 Qc7 13. Bd2 Nb6 14. Ba5 Qd7 15.
Nfd2 Nxc4 16. Nxc4 Qb5 17. Na3 Qd7 18. Bc3 e6 19. dxe6 fxe6 20. f3 Rac8 21.
Rad1 d5 22. e5 Nh5 23. Nc4 d4 24. Ba5 Bd5 25. Nd6 Bxb3 26. axb3 Rc6 27. Nc4 Nf4
28. Re4 Nd5 29. Bd2 Rf5 30. f4 Qe7 31. g4 Rf8 32. Rf1 Qh4 33. Kh2 h5 34. Be1
Qe7 35. gxh5 gxh5 36. Qg2 Kh7 37. Qe2 Qf7 38. Nd6 Qg6 39. Rg1 Qh6 40. Rg5 Nxf4
41. Rxf4 Rxf4 42. Rxh5 Bxe5 43. Rxh6+ Kxh6 44. Bd2 Bxd6 45. Qxe6+ Kg7 46. Qd7+
Kf8 47. Bxf4 Bxf4+ 48. Kg2 Rg6+ 49. Kf3 Rf6 50. Ke4 Be3 51. Qxa7 Rf4+ 52. Kd3
Rf3 53. Qa8+ 1-0

[Event "18. Obert Int. Sant Marti 2016 - B"]
[Site "Barcelona ESP"]
[Date "2016.07.15"]
[Round "3.44"]
[White "Ferre Navarro, Joan"]
[Black "Garcia Punzano, Josep Lluis"]
[Result "0-1"]
[WhiteElo "1591"]
[BlackElo "1785"]
[PlyCount "68"]
[EventDate "2016.07.13"]
[EventType "swiss"]
[EventRounds "9"]
[EventCountry "ESP"]
[SourceTitle "Ajedrez en Madrid"]
[Source "lmi"]
[SourceDate "2016.07.13"]
[SourceVersion "1"]
[SourceVersionDate "2019.06.21"]
[SourceQuality "1"]

1. d4 Nf6 2. Nf3 d5 3. e3 Bf5 4. Nbd2 e6 5. Be2 Bd6 6. Nh4 Ne4 7. Nxf5 exf5 8.
Nxe4 fxe4 9. c4 c6 10. Qb3 b6 11. cxd5 Qg5 12. O-O cxd5 13. Bb5+ Ke7 14. Qc3
Rd8 15. f4 Qf5 16. Qe1 Nd7 17. Bd2 Rac8 18. Qh4+ f6 19. Rac1 h6 20. g4 Qg6 21.
Bc3 Rh8 22. h3 Qf7 23. Qf2 g5 24. Bd2 Rcg8 25. Qe2 h5 26. Bxd7 Kxd7 27. Qb5+
Kd8 28. Qc6 hxg4 29. Qc8+ Ke7 30. Qb7+ Kf8 31. Qc8+ Kg7 32. Qxg4 Rh4 33. Qf5
Kh6 34. fxg5+ Rxg5+ 0-1

[Event "18. Obert Int. Sant Marti 2016 - B"]
[Site "Barcelona ESP"]
[Date "2016.07.15"]
[Round "3.45"]
[White "Romero Funieles, Rafael"]
[Black "Sanchez Viana, Jordi"]
[Result "0-1"]
[WhiteElo "1774"]
[BlackElo "1599"]
[PlyCount "92"]
[EventDate "2016.07.13"]
[EventType "swiss"]
[EventRounds "9"]
[EventCountry "ESP"]
[SourceTitle "Ajedrez en Madrid"]
[Source "lmi"]
[SourceDate "2016.07.13"]
[SourceVersion "1"]
[SourceVersionDate "2019.06.21"]
[SourceQuality "1"]

1. e4 c5 2. c4 d6 3. h3 Nf6 4. Nc3 Nc6 5. d3 h6 6. a3 a5 7. Nf3 e6 8. Bd2 Be7
9. Nb5 O-O 10. Be2 e5 11. O-O Be6 12. Nh2 Qc8 13. Bg4 Nd4 14. Nxd4 cxd4 15. f4
Bxg4 16. hxg4 exf4 17. Bxf4 Nd7 18. Bd2 Ne5 19. Qe2 Qd8 20. b4 b6 21. Rf5 axb4
22. Bxb4 Nc6 23. Bd2 Ra4 24. Nf3 Bf6 25. g5 hxg5 26. Bxg5 Bxg5 27. Nxg5 g6 28.
Raf1 Ne5 29. Ne6 fxe6 30. Rxf8+ Qxf8 31. Rxf8+ Kxf8 32. Qf2+ Ke7 33. Qxd4 Rxa3
34. Qb2 Rxd3 35. Qc2 Rd4 36. c5 bxc5 37. Qb3 c4 38. Qb7+ Kf6 39. Qb1 c3 40.
Qf1+ Kg7 41. Kh2 Rc4 42. g4 Nxg4+ 43. Kg3 Ne5 44. Qd1 c2 45. Qxd6 Nf7 46. Qxe6
c1=Q 0-1

[Event "18. Obert Int. Sant Marti 2016 - B"]
[Site "Barcelona ESP"]
[Date "2016.07.15"]
[Round "3.46"]
[White "Brunet Gil, Pol"]
[Black "Ferres Saez, Joan"]
[Result "1/2-1/2"]
[WhiteElo "1524"]
[BlackElo "1763"]
[PlyCount "65"]
[EventDate "2016.07.13"]
[EventType "swiss"]
[EventRounds "9"]
[EventCountry "ESP"]
[SourceTitle "Ajedrez en Madrid"]
[Source "lmi"]
[SourceDate "2016.07.13"]
[SourceVersion "1"]
[SourceVersionDate "2019.06.21"]
[SourceQuality "1"]

1. e4 c5 2. Nf3 g6 3. d4 cxd4 4. Nxd4 Bg7 5. c4 Nc6 6. Be3 Nf6 7. Nc3 d6 8. Be2
O-O 9. O-O Nxd4 10. Bxd4 Bd7 11. f3 Bc6 12. b3 Nd7 13. Bxg7 Kxg7 14. Qd4+ Kg8
15. Rfd1 a5 16. Bd3 Nc5 17. Bc2 Ne6 18. Qd2 Ra6 19. Nd5 Re8 20. f4 Qb8 21. g3
Nc5 22. Qc3 b5 23. cxb5 Bxb5 24. f5 Qa7 25. Kh1 Bc6 26. Qd2 Bxd5 27. Qxd5 Qa8
28. Qxa8 Raxa8 29. e5 dxe5 30. Rd5 Rac8 31. Rxe5 Rc7 32. Rae1 Kf8 33. Rf1
1/2-1/2

[Event "18. Obert Int. Sant Marti 2016 - B"]
[Site "Barcelona ESP"]
[Date "2016.07.15"]
[Round "3.47"]
[White "Cano Vila, Eduard"]
[Black "Perez Cuadrado, Eduardo"]
[Result "1-0"]
[WhiteElo "1353"]
[BlackElo "1751"]
[PlyCount "117"]
[EventDate "2016.07.13"]
[EventType "swiss"]
[EventRounds "9"]
[EventCountry "ESP"]
[SourceTitle "Ajedrez en Madrid"]
[Source "lmi"]
[SourceDate "2016.07.13"]
[SourceVersion "1"]
[SourceVersionDate "2019.06.21"]
[SourceQuality "1"]

1. e4 e5 2. Nf3 Nf6 3. Nxe5 d6 4. Nf3 Nxe4 5. Bc4 Be7 6. Qe2 Nf6 7. d4 d5 8.
Bd3 h6 9. O-O O-O 10. Re1 Re8 11. h3 Nc6 12. Be3 Be6 13. Qd2 Bf8 14. g4 Ne4 15.
Qc1 Qf6 16. Nfd2 Nxd2 17. Qxd2 Qf3 18. Bf1 g5 19. Bg2 Qf6 20. Nc3 Rad8 21. Re2
a6 22. Rae1 Bg7 23. a3 Nxd4 24. Bxd4 Qxd4 25. Qxd4 Bxd4 26. Nxd5 Rd7 27. c3 Bg7
28. Nb4 c6 29. Nxa6 bxa6 30. Bxc6 Rdd8 31. Bxe8 Rxe8 32. b4 Bxc3 33. Rc1 Bg7
34. Rc6 Rd8 35. Rxa6 Rd1+ 36. Kh2 Be5+ 37. Rxe5 Bd5 38. f3 Bxf3 39. Kg3 Rd3 40.
Kf2 Bb7 41. Rxh6 Rd2+ 42. Re2 Rd3 43. Rb6 Rf3+ 44. Ke1 Bd5 45. a4 Kg7 46. a5
Bc4 47. Rf2 Ra3 48. Rc6 Bb5 49. Rc5 Re3+ 50. Kd2 Rd3+ 51. Kc2 Ra3 52. Rxg5+ Kh6
53. Rh5+ Kg6 54. Kb2 Re3 55. Rxb5 Rxh3 56. a6 Rh8 57. a7 f6 58. Ra5 Ra8 59. Rc2
1-0

[Event "18. Obert Int. Sant Marti 2016 - B"]
[Site "Barcelona ESP"]
[Date "2016.07.15"]
[Round "3.49"]
[White "Hernando Rodrigo, Lourdes"]
[Black "Ylla Soro, Rafael"]
[Result "1-0"]
[WhiteElo "1730"]
[BlackElo "1559"]
[PlyCount "127"]
[EventDate "2016.07.13"]
[EventType "swiss"]
[EventRounds "9"]
[EventCountry "ESP"]
[SourceTitle "Ajedrez en Madrid"]
[Source "lmi"]
[SourceDate "2016.07.13"]
[SourceVersion "1"]
[SourceVersionDate "2019.06.21"]
[SourceQuality "1"]

1. d4 f5 2. Bg5 g6 3. e3 Bg7 4. Nc3 Nf6 5. Bc4 Nc6 6. a3 e6 7. Nf3 d5 8. Be2 a6
9. Ne5 Qd6 10. h4 Ne4 11. Nxe4 dxe4 12. Nxc6 Qxc6 13. h5 h6 14. Bf4 g5 15. Bg3
Bd7 16. c4 O-O 17. Qd2 Rad8 18. Rc1 Bc8 19. d5 Qb6 20. b4 exd5 21. cxd5 f4 22.
exf4 Bd4 23. O-O e3 24. Qa2 gxf4 25. Bh4 exf2+ 26. Bxf2 Bxf2+ 27. Rxf2 Rd6 28.
Rc5 Rf7 29. Bf3 Rdf6 30. Qe2 Qd6 31. Qe8+ Qf8 32. Re2 b6 33. Rc1 Bf5 34. Rce1
Qxe8 35. Rxe8+ Kg7 36. Ra8 Bd3 37. Ree8 Rf8 38. Kh2 Bb5 39. Rxf8 Rxf8 40. Rxf8
Kxf8 41. Kh3 Kg7 42. Kg4 Kf6 43. Kxf4 Bd7 44. Ke4 Bc8 45. Kd4 Bd7 46. Be2 Bc8
47. Ke4 Bb7 48. Kd4 Bc8 49. Ke4 Bb7 50. Bf3 Bc8 51. a4 Bb7 52. a5 b5 53. Kd4
Bc8 54. Ke4 Bf5+ 55. Kf4 Bc8 56. Be4 Bd7 57. Bf3 Bc8 58. Ke4 Bf5+ 59. Kd4 Bc8
60. Kc5 Ke7 61. Kc6 Kd8 62. d6 cxd6 63. Kxd6 Bd7 64. Bb7 1-0

[Event "18. Obert Int. Sant Marti 2016 - B"]
[Site "Barcelona ESP"]
[Date "2016.07.15"]
[Round "3.50"]
[White "Tortosa Moros, Joan"]
[Black "Martinez Medina, Jose Juan"]
[Result "1/2-1/2"]
[WhiteElo "1719"]
[BlackElo "1534"]
[PlyCount "64"]
[EventDate "2016.07.13"]
[EventType "swiss"]
[EventRounds "9"]
[EventCountry "ESP"]
[SourceTitle "Ajedrez en Madrid"]
[Source "lmi"]
[SourceDate "2016.07.13"]
[SourceVersion "1"]
[SourceVersionDate "2019.06.21"]
[SourceQuality "1"]

1. e4 c5 2. Nf3 Nc6 3. d4 cxd4 4. Nxd4 Nf6 5. Nc3 a6 6. Be2 d6 7. O-O e6 8. Kh1
Be7 9. f4 Qc7 10. Be3 Bd7 11. Qd2 b5 12. a3 Rc8 13. f5 Ne5 14. fxe6 fxe6 15.
Bg5 O-O 16. Rad1 Nc4 17. Bxc4 Qxc4 18. Rf3 Rf7 19. h3 Qc7 20. Rdf1 Rcf8 21. Qd3
h6 22. Be3 Nh7 23. Rxf7 Rxf7 24. Rxf7 Kxf7 25. Qe2 Kg8 26. Nf3 Bc6 27. Qf2 Qb7
28. Nd2 Bf6 29. Bd4 Qf7 30. Bxf6 Nxf6 31. Qb6 Qb7 32. Qd8+ Ne8 1/2-1/2

[Event "18. Obert Int. Sant Marti 2016 - B"]
[Site "Barcelona ESP"]
[Date "2016.07.15"]
[Round "3.51"]
[White "Moya Nunez, Salvador"]
[Black "Sanchez Paz, Josep"]
[Result "0-1"]
[WhiteElo "1175"]
[BlackElo "1709"]
[PlyCount "74"]
[EventDate "2016.07.13"]
[EventType "swiss"]
[EventRounds "9"]
[EventCountry "ESP"]
[SourceTitle "Ajedrez en Madrid"]
[Source "lmi"]
[SourceDate "2016.07.13"]
[SourceVersion "1"]
[SourceVersionDate "2019.06.21"]
[SourceQuality "1"]

1. e4 Nf6 2. e5 Nd5 3. d4 d6 4. Nf3 Bf5 5. a3 c5 6. Bb5+ Nc6 7. O-O e6 8. Bxc6+
bxc6 9. exd6 Bxd6 10. dxc5 Bxc5 11. b4 Be7 12. Bb2 Bf6 13. Nd4 Qc7 14. c4 Ne7
15. Qe2 Bg6 16. Nd2 Rd8 17. Qe3 Bxd4 18. Bxd4 Nf5 19. Be5 Nxe3 20. Bxc7 Nxf1
21. Nxf1 Rd7 22. Bg3 O-O 23. c5 Rfd8 24. Bd6 a5 25. Ra2 Ra7 26. Rb2 axb4 27.
axb4 Ra1 28. Rd2 Be4 29. h3 Bd5 30. Rc2 Rb1 31. Bc7 Rd7 32. Ba5 Bb3 33. Rc3
Rdd1 34. b5 Rxf1+ 35. Kh2 Bd5 36. Kg3 Rxb5 37. Rc2 Rxa5 0-1

[Event "18. Obert Int. Sant Marti 2016 - B"]
[Site "Barcelona ESP"]
[Date "2016.07.15"]
[Round "3.52"]
[White "Pereda Villalba, Julian"]
[Black "Antequera Garcia, Luis"]
[Result "1-0"]
[WhiteElo "1824"]
[BlackElo "1333"]
[PlyCount "67"]
[EventDate "2016.07.13"]
[EventType "swiss"]
[EventRounds "9"]
[EventCountry "ESP"]
[SourceTitle "Ajedrez en Madrid"]
[Source "lmi"]
[SourceDate "2016.07.13"]
[SourceVersion "1"]
[SourceVersionDate "2019.06.21"]
[SourceQuality "1"]

1. d4 e6 2. c4 d5 3. Nc3 Nf6 4. e3 c5 5. dxc5 Bxc5 6. cxd5 exd5 7. Bb5+ Nc6 8.
Nge2 O-O 9. O-O Bf5 10. Ng3 Bg6 11. a3 Qe7 12. Bd3 Bxd3 13. Qxd3 Rad8 14. Rd1
d4 15. exd4 Nxd4 16. Qf1 Bb6 17. Bg5 h6 18. Be3 Nb3 19. Bxb6 axb6 20. Rab1 Nd2
21. Qb5 Nxb1 22. Rxb1 Rd6 23. Nf5 Qc7 24. Nxd6 Qxd6 25. Rd1 Qc7 26. h3 Re8 27.
Nd5 Nxd5 28. Qxe8+ Kh7 29. Qe4+ g6 30. Qxd5 h5 31. Qd7 Qc2 32. Qxf7+ Kh6 33.
Qf4+ Kg7 34. Rd7+ 1-0

[Event "18. Obert Int. Sant Marti 2016 - B"]
[Site "Barcelona ESP"]
[Date "2016.07.15"]
[Round "3.53"]
[White "De Figueiredo Coutinho, Rocco"]
[Black "Gomez Parla, Josep"]
[Result "1-0"]
[WhiteElo "1474"]
[BlackElo "1876"]
[PlyCount "55"]
[EventDate "2016.07.13"]
[EventType "swiss"]
[EventRounds "9"]
[EventCountry "ESP"]
[SourceTitle "Ajedrez en Madrid"]
[Source "lmi"]
[SourceDate "2016.07.13"]
[SourceVersion "1"]
[SourceVersionDate "2019.06.21"]
[SourceQuality "1"]

1. e4 g6 2. d4 Bg7 3. Nc3 d6 4. Nf3 Nf6 5. Be2 O-O 6. Bf4 Nc6 7. Qd2 Re8 8.
O-O-O a6 9. h4 Bg4 10. d5 Na7 11. Nd4 Bxe2 12. Qxe2 c5 13. Nf3 b5 14. h5 b4 15.
Na4 Qa5 16. b3 Nb5 17. hxg6 hxg6 18. Rh4 Nc3 19. Nxc3 bxc3 20. Kb1 Qb5 21. Qe3
Qd7 22. Ng5 Ng4 23. Qg3 Nf6 24. Rdh1 c4 25. Qh2 Nh5 26. Rxh5 gxh5 27. Qxh5 cxb3
28. Qxf7# 1-0

[Event "18. Obert Int. Sant Marti 2016 - B"]
[Site "Barcelona ESP"]
[Date "2016.07.15"]
[Round "3.55"]
[White "Di Fiori Piccolo, Elcio"]
[Black "Minko, Olga"]
[Result "0-1"]
[WhiteElo "1666"]
[BlackElo "1509"]
[PlyCount "54"]
[EventDate "2016.07.13"]
[EventType "swiss"]
[EventRounds "9"]
[EventCountry "ESP"]
[SourceTitle "Ajedrez en Madrid"]
[Source "lmi"]
[SourceDate "2016.07.13"]
[SourceVersion "1"]
[SourceVersionDate "2019.06.21"]
[SourceQuality "1"]

1. c4 e6 2. Nc3 d5 3. cxd5 exd5 4. e3 Nf6 5. d4 Nc6 6. a3 a6 7. Bd3 Bd6 8. Nge2
O-O 9. O-O Bxh2+ 10. Kh1 Bd6 11. f3 Ng4 12. Qe1 Nf6 13. e4 dxe4 14. fxe4 Nh5
15. e5 Bxe5 16. dxe5 Qxd3 17. Rf3 Qg6 18. Bf4 Bg4 19. Rf2 Bxe2 20. Nxe2 Nxf4
21. Nxf4 Qh6+ 22. Kg1 Rfe8 23. Nd3 Rad8 24. Re2 Rxd3 25. Rc1 Nxe5 26. Rxc7 Qb6+
27. Kf1 Qxc7 0-1

[Event "18. Obert Int. Sant Marti 2016 - B"]
[Site "Barcelona ESP"]
[Date "2016.07.15"]
[Round "3.56"]
[White "Febrero Perez, Lluis"]
[Black "Capellades Molero, Josep"]
[Result "1/2-1/2"]
[WhiteElo "1642"]
[BlackElo "1468"]
[PlyCount "68"]
[EventDate "2016.07.13"]
[EventType "swiss"]
[EventRounds "9"]
[EventCountry "ESP"]
[SourceTitle "Ajedrez en Madrid"]
[Source "lmi"]
[SourceDate "2016.07.13"]
[SourceVersion "1"]
[SourceVersionDate "2019.06.21"]
[SourceQuality "1"]

1. e4 Nf6 2. Nc3 e5 3. Nf3 Nc6 4. d4 exd4 5. Nxd4 Bb4 6. Nxc6 Bxc3+ 7. bxc3
bxc6 8. e5 Nd5 9. c4 Nb6 10. c5 Nd5 11. c4 Ne7 12. Qg4 O-O 13. Bh6 Ng6 14. Bf4
d6 15. Qg5 Qxg5 16. Bxg5 dxe5 17. Be2 Rb8 18. O-O-O Be6 19. Bd2 Nf4 20. Bf3
Bxc4 21. Bxf4 exf4 22. Bxc6 Bxa2 23. Be4 Rfd8 24. Rxd8+ Rxd8 25. Re1 g6 26. Re2
Be6 27. Kb2 Bc4 28. Re1 Bb5 29. Kc3 c6 30. Bf3 Rd7 31. Re8+ Kg7 32. Rc8 Rd3+
33. Kc2 Rxf3 34. gxf3 a6 1/2-1/2

[Event "18. Obert Int. Sant Marti 2016 - B"]
[Site "Barcelona ESP"]
[Date "2016.07.15"]
[Round "3.59"]
[White "Perez Ramirez, Placido"]
[Black "Tsulaia, Mariam"]
[Result "0-1"]
[WhiteElo "1211"]
[BlackElo "1588"]
[PlyCount "94"]
[EventDate "2016.07.13"]
[EventType "swiss"]
[EventRounds "9"]
[EventCountry "ESP"]
[SourceTitle "Ajedrez en Madrid"]
[Source "lmi"]
[SourceDate "2016.07.13"]
[SourceVersion "1"]
[SourceVersionDate "2019.06.21"]
[SourceQuality "1"]

1. e4 e5 2. Nf3 Bc5 3. Nxe5 Nc6 4. Nf3 Nf6 5. Nc3 d6 6. d4 Bb4 7. Bd3 Bg4 8.
O-O Nxd4 9. Be2 Nc6 10. Qd3 Bxc3 11. Qxc3 O-O 12. Qe3 Re8 13. Bd3 d5 14. e5
Bxf3 15. Qxf3 Nxe5 16. Qg3 Qd7 17. Be2 Qf5 18. Bb5 c6 19. Ba4 Ne4 20. Qe3 Re6
21. f3 Rf6 22. Bd2 Nc4 23. fxe4 Qxf1+ 24. Rxf1 Rxf1+ 25. Kxf1 Nxe3+ 26. Bxe3
dxe4 27. c4 a6 28. Bc2 Re8 29. Kf2 f5 30. Kg3 h6 31. Kf4 Rf8 32. Bc5 Rf7 33.
Bd1 g6 34. Be3 Rd7 35. Bc2 b5 36. cxb5 cxb5 37. Ke5 Kh7 38. Kf6 Rc7 39. Bb3
Rc6+ 40. Be6 Rd6 41. h3 Rd3 42. Bc5 e3 43. Bf8 e2 44. Bf7 e1=Q 45. Bxg6+ Kg8
46. Bxh6 Rd6+ 47. Kxf5 Qe6+ 0-1

[Event "18. Obert Int. Sant Marti 2016 - B"]
[Site "Barcelona ESP"]
[Date "2016.07.15"]
[Round "3.61"]
[White "Minko, Uliana"]
[Black "Martin Sanchez, Antoni"]
[Result "1/2-1/2"]
[WhiteElo "1251"]
[BlackElo "1678"]
[PlyCount "128"]
[EventDate "2016.07.13"]
[EventType "swiss"]
[EventRounds "9"]
[EventCountry "ESP"]
[SourceTitle "Ajedrez en Madrid"]
[Source "lmi"]
[SourceDate "2016.07.13"]
[SourceVersion "1"]
[SourceVersionDate "2019.06.21"]
[SourceQuality "1"]

1. c4 c5 2. Nc3 e6 3. g3 Nc6 4. Bg2 g6 5. Nf3 Bg7 6. O-O Nge7 7. a3 O-O 8. Rb1
a5 9. Ne1 d5 10. d3 Rb8 11. Nc2 b6 12. Bd2 dxc4 13. dxc4 Ba6 14. Nb5 Bxb5 15.
cxb5 Nd4 16. Nxd4 Bxd4 17. e3 Bg7 18. b4 axb4 19. axb4 c4 20. Rc1 Qd7 21. Rxc4
Qxb5 22. Qc2 Rfd8 23. Rc1 Rd6 24. Bf1 Qd5 25. Bc3 Bxc3 26. Qxc3 Rbd8 27. Rd4
Qe5 28. Rxd6 Qxd6 29. b5 Rc8 30. Qa1 Rc5 31. Rxc5 Qxc5 32. h3 h6 33. Qa4 Kg7
34. Qg4 h5 35. Qf3 Nd5 36. e4 Nc3 37. Qd3 e5 38. Kg2 Qd4 39. f3 Kf6 40. h4 Ke7
41. Qxd4 exd4 42. Bd3 Kd6 43. f4 Kc5 44. Kf3 Nxb5 45. e5 Nc7 46. g4 hxg4+ 47.
Kxg4 Kd5 48. Kg5 Ke6 49. Bc4+ Ke7 50. f5 gxf5 51. Kxf5 b5 52. Bd3 Kf8 53. h5
Kg7 54. Kg5 Ne6+ 55. Kg4 b4 56. Bc4 d3 57. Bxd3 b3 58. Bb1 b2 59. Ba2 Nf8 60.
Kg5 Ne6+ 61. Kg4 Nd4 62. Kg5 Ne6+ 63. Kg4 Nd4 64. Kg5 Ne6+ 1/2-1/2